000 00726nam a22002057a 4500
005 20100816115937.0
010 _aENG-100573
020 _a9788189012681
_c550.00
035 _aEN-84106
037 _bDBAD/PUB
082 _a302.2
100 _aPushkar,Niranjan
_913835
245 _aDevelopmental communication /
_cby Niranjan Pushkar
260 _aDelhi
_bGNOSIS
_c2009
270 _aE-35/103 Jawahar Park Laxmi Nagar
_bDelhi
_e110092
300 _ax,227p
_b21cm(Hb)
500 _aIncludes bibliographical references and index
942 _2ddc
_cEN
_h302.2
_mPUS
999 _c42089
_d42089